The copper beech
Αποθηκεύτηκε σε:
| Μορφή: | Βιβλίο |
|---|---|
| Γλώσσα: | English |
| Δημοσίευση: |
New York :
Delacorte Press,
1992
|
| Θέματα: | |
| Ετικέτες: |
Προσθήκη ετικέτας
Δεν υπάρχουν, Καταχωρήστε ετικέτα πρώτοι!
|
MARC
| LEADER | 00000nam a2200000 i 4500 | ||
|---|---|---|---|
| 001 | 1/73164 | ||
| 008 | 970822s1992 eng d | ||
| 020 | |a 0-385-30775-6 | ||
| 035 | |a 1995 |b 1 |c Πολεμικού |l 10031440 | ||
| 040 | |a GR-MY-UA |b gre |e aacr | ||
| 041 | 0 | |a eng | |
| 082 | 0 | |a 823.914 | |
| 245 | 1 | 4 | |a The copper beech / |c Maeve Binchy |
| 260 | |a New York : |b Delacorte Press, |c 1992 | ||
| 300 | |a 345 p. | ||
| 650 | 0 | 0 | |a Country life |z Ireland |x Fiction. |
| 650 | 0 | 0 | |a Villages |z Ireland |x Fiction. |
| 650 | 0 | 0 | |a Pastoral fiction. |
| 651 | 0 | |a Ireland |x Fiction. | |
| 852 | |a INST |b RHODES |e 19970822 |h 823.914 BIN |p 005400007582 |q 005400007582 |t BK |y 0 | ||
| 909 | |a Ρ |b 039649 |c 1995 | ||